| 000 | 00351nam a22001457a 4500 | ||
|---|---|---|---|
| 003 | SGT | ||
| 020 | _a9788184574920 | ||
| 082 |
_a384.3 _bH13S |
||
| 100 | _aSingh Kaushalendra Saran | ||
| 245 | _aHistory of Broadcasting in India | ||
| 260 |
_aNEW DELHI _bKANISHKA PUBLISHER _c2013 |
||
| 300 | _a336 | ||
| 650 | _aMASS COMMUNICATION | ||
| 942 |
_2ddc _cBK |
||
| 999 |
_c13224 _d13224 |
||